| 000 | 00638nam a2200217Ia 4500 | ||
|---|---|---|---|
| 005 | 20260429112029.0 | ||
| 008 | 260429s9999||||xx |||||||||||||| ||und|| | ||
| 020 | _a9789819628216 | ||
| 041 | _aEnglish | ||
| 082 |
_a330.15195 _bDON |
||
| 100 | _aDong, Chaohua | ||
| 245 | 0 |
_aModern series methods in econometrics and statistics / _cChaohua Dong |
|
| 260 |
_aSingapore : _bSpringer, _c2025. |
||
| 300 | _axiii, 372 p.; hb | ||
| 440 | _aAdvanced studies in theoretical and applied econometrics; 45 | ||
| 650 | _a Econometrics | ||
| 650 | _a Statistical mathematics | ||
| 650 | _aEconomics | ||
| 700 | _a Gao, Jiti | ||
| 942 | _cTB | ||
| 999 |
_c51982 _d51982 |
||